| 000 | 01758nam a2200469 i 4500 | ||
|---|---|---|---|
| 001 | nkc20253720101 | ||
| 003 | CZ PrSKC | ||
| 005 | 20260512163624.0 | ||
| 007 | ta | ||
| 008 | 251112s2025 xr a a 000 0 cze | ||
| 020 | _a9788076883826 | ||
| 040 |
_aBOA001 _bcze _erda |
||
| 072 | 7 |
_a656 _xDoprava _2Konspekt |
|
| 072 | 7 |
_a0/9-053.2 _xLiteratura pro děti a mládež (naučná) _2Konspekt |
|
| 080 |
_a656 _2MRF |
||
| 080 |
_a629 _2MRF |
||
| 080 |
_a(02)004.031.42 _2MRF |
||
| 080 |
_a(0.025.2) _2MRF |
||
| 080 |
_a(0.053.2) _2MRF |
||
| 100 | 0 |
_aVhrsti, _d1975- _4ill _920750 |
|
| 245 | 1 | 0 |
_aSvět dopravy : _binteraktivní mluvicí kniha / _cilustrace: Vhrsti |
| 250 | _a1. vydání | ||
| 264 | 1 |
_aPraha : _bAlbi, _c2025 |
|
| 300 |
_a18 nečíslovaných stran : _bbarevné ilustrace ; _c27 cm |
||
| 490 | 1 | _aKouzelné čtení | |
| 500 | _aBez textu | ||
| 500 | _aKartonové listy | ||
| 500 | _aFunguje pouze s elektronickou Albi tužkou, která není součástí publikace | ||
| 520 | 2 | _aInformace o dopravních prostředcích a strojích, které vídáme ve městě, na letišti, nádraží, poli, stavbě i na vodních plochách či vesmírné a jiné speciální prostředky. Interaktivní obrázková kniha, pro čtení s elektronickou "mluvící" tužkou. | |
| 650 | 0 | 7 |
_adoprava _2czenas _98762 |
| 650 | 0 | 7 |
_adopravní prostředky _2czenas _92227 |
| 650 | 0 | 9 |
_atransportation _2eczenas _98763 |
| 650 | 0 | 9 |
_ameans of transportation _2eczenas _92230 |
| 655 | 7 |
_ainteraktivní mluvící knihy _99294 |
|
| 655 | 7 |
_aleporela _9906 |
|
| 655 | 7 | _apublikace pro děti | |
| 655 | 9 |
_ainteractive talking books _99724 |
|
| 655 | 9 |
_afolding picture-books _97353 |
|
| 655 | 9 | _achildren's literature | |
| 910 | _aABG508 | ||
| 999 |
_c34272 _d34272 |
||